000 00672nam a2200253Ia 4500
003 OSt
005 20220918192628.0
006 a|||||r|||| 00| 0
007 ta
008 220917b |||||||| |||| 00| 0 eng d
024 _a69,297
037 _cTextual
040 _aARTS
_cARTS
_beng
041 _2eng
_aeng
082 _aQ4:33w, M3
100 _aAryasura
_961346
245 0 _aMarvelous companion
_b life stories of the Buddha
260 _aBerkeley
_bDharma Pub
_c1983
300 _axx,359p.
_ccm.
490 _aTibetan translation series
650 _aRELIGION
942 _hQ4:33w, M3
_cTEXL
_2CC
999 _c195453
_d195453